00788cam a2200229 a 450000500170000000800410001701500080005802000150006602000180008103500200009904000390011904100080015810000330016624500940019926000420029330000180033550400530035354600220040660000740042865000240050265000320052620190627100730.0161125s1997 enk fr 001 0 eng d aNNN a0415154359 a9780415154352 a(Sirsi) a683300 aCO-BoUCMcSaul NiñodSaul Niño0 aeng1 aAnsell-Pearson, Keithd1960-10aViroid lifebperspectives on Nietzsche and the transhuman conditioncKeith Ansell-Pearson aLondres (Inglaterra)bRoutledgec1997 a203 páginas aIncluye referencias bibliográficas e índices aTexto en inglés14aNietzsche, Friedrich Wilhelmd1844-1900xCrítica e interpretación 0aFilosofía alemana 7aAntropología Filosófica